| 000 | 00000nam##2200000za#4500 |
| 001 | 9.660915 |
| 003 | CaOODSP |
| 005 | 20210615120025 |
| 007 | ta |
| 008 | 150407|1999||||xxc||||| f|0| 0 eng|d |
| 020 | |a0-662-64177-9 |
| 040 | |aCaOODSP|beng |
| 041 | |aeng |
| 041 | |afre |
| 043 | |an-cn--- |
| 086 | 1 |aC28-2/15-1999 |
| 110 | 1 |aCanada. |bIndustry Canada. |
| 245 | 10|aLoans for small business enterprises |
| 260 | |aOttawa - Ontario : |bIndustry Canada |c1999. |
| 546 | |aBilingual |
| 563 | |aPamphlet |
| 590 | |a01-05|b2001-02-02 |
| 690 | 07|aSmall businesses|2gcpds |
| 690 | 07|aEntrepreneurship|2gcpds |
| 690 | 07|aBusiness loans|2gcpds |
| 776 | 0#|tPrêts aux petites entreprises commerciales |w(CaOODSP)9.639349 |
| 776 | 0#|tLoans for small business enterprises |w(CaOODSP)9.695203 |
| 792 | |tPrêts aux petites entreprises commerciales |efre|w(CaOODSP)9.660916 |
| 986 | |a52666B |